000 01525cam a22001814a 4500
005 20250605164056.0
008 250528s ||||||||||||||||||||||||d
035 _a17483
040 _aGR-AtMCL
_bgre
_dGR-AtMCL
_eAACR2
245 1 _a5ο Διεθνές Συνέδριο για την Έρευνα στις Μεταφορές - Πρόγραμμα - Πρακτικά Program - Proceedings / Energy, Environment and Transport - Ενέργεια, Περιβάλλον και Μεταφορές
260 _c2010
300 _a118
520 _aΧαιρετισμοί, Welcome Speeches, Αναλυτικό Πρόγραμμα Συνεδρίου, Detailed Conference Programme, Οργανωτική Επιτροπή, Organizing Committee, Επιστημονική Επιτροπή, Scientific Committee, Ομιλίες Προσκεκλημένων Ομιλητών, Keynote Speeches, Περιλήψεις Άρθρων, Abstracts, Πολιτική Μεταφορών, Transport Policy, Διαχείριση και Οργάνωση Συστημάτων, Management and Organisation of Transport Systems, Ασφάλεια των Μεταφορών, Transport Safety, Εκμετάλευση και Παρακολούθηση, Exploitation and Monitoring and Control, Σχεδιασμός Συστημάτων, Planning of Transport Systems, Κατάλογος Συγγραφέων, Author's Index, Χορηγοί, Sponsors.
700 1 _aΧαλκιάς Βασίλης
_93622
942 _cBK
999 _c2892
_d2892